| 000 | 00556nam a2200181Ia 4500 | ||
|---|---|---|---|
| 008 | 151213s9999 xx 000 0 und d | ||
| 020 | _a978-81-317-2494-1 | ||
| 082 |
_a338.433621 _b338.433621 |
||
| 100 | _aSherman Folland/ Allen Goodman/ Miron Stano | ||
| 245 |
_aThe Economics of Health and Health Care _cSherman Folland/ Allen Goodman/ Miron Stano |
||
| 250 | _a5th | ||
| 260 |
_aIndia _bPearson _c2007 |
||
| 300 | _a11529 p. | ||
| 650 | _aEconomics | ||
| 650 | _aEconomics | ||
| 700 | _aSherman Folland/ Allen Goodman/ Miron Stano | ||
| 999 |
_c5008 _d5008 |
||